Normal view
MARC view
- الباشا، عبد الرحمن رأفت
Entry Personal Name
001 - CONTROL NUMBER
- control field: 56381
003 - CONTROL NUMBER IDENTIFIER
- control field: JO-AjAnu
005 - DATE AND TIME OF LATEST TRANSACTION
- control field: 20230606083235.0
008 - FIXED-LENGTH DATA ELEMENTS
- fixed length control field: 230606|| aca||aabn | a|a d
040 ## - CATALOGING SOURCE
- Original cataloging agency: JO-AjAnu
- Transcribing agency: JO-AjAnu
100 ## - HEADING--PERSONAL NAME
- Personal name: الباشا، عبد الرحمن رأفت
670 ## - SOURCE DATA FOUND
- Source citation: Work cat.: (JO-AjAnu)28771: الباشا، عبد الرحمن رأفت, author, صور من حياة الصحابة